000 00646nam a2200229 a 4500
001 52372
003 BD-RJUL
005 20211209075808.0
008 160919s1965 enk b 001 0 eng u
035 _a(BD-RJUL)52492
040 _aDLC/ICU
_cCGU
_dm.c
_dBD-RJUL
_beng
041 _aeng
082 _a530.12
_223
_bLAN 1965
100 1 0 _aLandé, Alfred,
_d1888-
_9156695
245 1 0 _aNew foundations of quantum mechanics /
_cby Alfred Landé
260 _aCambridge :
_bUniversity Press,
_c1965
300 _axii, 171 p. ;
_c23 cm
500 _aInclude index
650 0 _aQuantum theory.
_9117539
942 _2ddc
_cBK
999 _c52372
_d52372